LIBRARY & INFORMATION CENTRE, KCAET, TAVANUR

ONLINE PUBLIC ACCESS CATALOGUE (OPAC)

Log-linear models / (Record no. 10491)

MARC details
000 -LEADER
fixed length control field 00445cam a2200181ua 4500
020 ## - INTERNATIONAL STANDARD BOOK NUMBER
ISBN 0-8039-1492-X
041 ## - LANGUAGE CODE
Language code of text/sound track or separate title eng
082 ## - DEWEY DECIMAL CLASSIFICATION NUMBER
Classification number 300.1
Item number KNO/LO
100 ## - MAIN ENTRY--AUTHOR NAME
Personal name Knoke, David .
245 ## - TITLE STATEMENT
Title Log-linear models /
260 ## - PUBLICATION, DISTRIBUTION, ETC. (IMPRINT)
Place of publication New Delhi :
Name of publisher Sage Publications ,
Year of publication 1980.
300 ## - PHYSICAL DESCRIPTION
Number of Pages 80 ; .
500 ## - GENERAL NOTE
General note **Reference
700 1# - ADDED ENTRY--PERSONAL NAME
Personal name Burke, Peter J .
942 ## - ADDED ENTRY ELEMENTS (KOHA)
Koha item type Books
Holdings
Withdrawn status Lost status Damaged status Home library Current library Date acquired Full call number Accession Number Koha item type
      KAUAET KAUAET 07/04/2012 300.1 20168 Reference
free website counter